| 000 | 00407nam a22001457a 4500 | ||
|---|---|---|---|
| 005 | 20260116095555.0 | ||
| 008 | 260116b |||||||| |||| 00| 0 eng d | ||
| 020 | _a9780132465403 | ||
| 100 | _aDeitel. J Paul & Deitel M Harvey | ||
| 245 |
_aC++: How to program _c/ Paul. J Deitel |
||
| 250 | _a7th ed | ||
| 260 |
_aNew Jersey; _bPearson Education, Inc.; _c2010. |
||
| 300 |
_a1104p.; _c23cm |
||
| 942 |
_2lcc _cBK _n0 |
||
| 999 |
_c123 _d123 |
||